000 00408nam a2200157Ia 4500
003 OSt
005 20230529145608.0
008 211028s2015 xx 000 0 und d
040 _cAIMIT LIBRARY
041 _aeng
100 _aSalian, Sanketh S; D'Souza, Manibhushan.
_98596
_e131921
110 _aManibhusahn D'Souza
_98597
245 _aKnowledge quest.
260 _aMangalore
_c2015
942 _2ddc
_cPRO
999 _c219967
_d219967